[Event "Sochi Lobanov Memorial"]
[Site "Sochi"]
[Date "2021.10.04"]
[Round "7"]
[White "Gubernatorov, Sergey"]
[Black "Matushchak, Nikita"]
[Result "1/2-1/2"]
[WhiteElo "2233"]
[BlackElo "1933"]
[PlyCount "126"]
[EventDate "2021.09.28"]
[EventType "swiss"]
[EventRounds "9"]
[EventCountry "RUS"]
[SourceTitle "CBM 204 Extra"]
[Source "ChessBase"]
[SourceDate "2021.11.30"]
[SourceVersion "1"]
[SourceVersionDate "2021.11.30"]
[SourceQuality "1"]

1. d4 Nf6 2. c4 e6 3. g3 b6 4. Bg2 d5 5. Nf3 Bb7 6. 0-0 Be7 7. cxd5 exd5 8. Qc2 0-0 9. Bf4 c5 10. dxc5 bxc5 11. Nbd2 Nbd7 12. Ne5 Nh5 13. Nb3 Nxf4 14. gxf4 Nxe5 15. fxe5 Qb6 16. e3 Rac8 17. Rad1 Rfd8 18. Rd2 d4 19. Bxb7 Qxb7 20. exd4 cxd4 21. Qf5 Rc6 22. f3 Rg6+ 23. Kh1 h6 24. Rfd1 Qa6 25. Nxd4 Bb4 26. Rd3 Qxa2 27. e6 Rf6 28. Qe4 fxe6 29. b3 Qf2 30. Nc6 Rxd3 31. Qxd3 Bd6 32. Rd2 Rxf3 33. Rxf2 Rxd3 34. Nxa7 Bc5 35. Ra2 Bxa7 36. Rxa7 Rxb3 37. Kg2 Kh7 38. Re7 Re3 39. Kf2 Re5 40. Kf3 Kg6 41. h3 Kf6 42. Ra7 g6 43. Ra4 Rf5+ 44. Kg3 e5 45. Ra6+ Kg5 46. Re6 Kh5 47. h4 g5 48. hxg5 Kxg5 49. Re8 h5 50. Rg8+ Kf6 51. Re8 Rf4 52. Ra8 Kf5 53. Ra5 h4+ 54. Kh3 Rd4 55. Rb5 Ke4 56. Kxh4 Ke3+ 57. Kg3 e4 58. Ra5 Ke2 59. Ra2+ Rd2 60. Ra1 e3 61. Rb1 Rc2 62. Ra1 Rb2 63. Kg2 Rc2 1/2-1/2

[Event "Sochi Doroshkevich Amateur op"]
[Site "Sochi"]
[Date "2017.12.24"]
[Round "4"]
[White "Gubernatorov, Sergey"]
[Black "Gorobets, Sergey"]
[Result "1-0"]
[WhiteElo "2256"]
[BlackElo "1971"]
[PlyCount "43"]
[EventDate "2017.12.21"]
[EventType "swiss"]
[EventRounds "9"]
[EventCountry "RUS"]
[SourceTitle "CBM 182 Extra"]
[Source "ChessBase"]
[SourceDate "2018.02.23"]
[SourceVersion "1"]
[SourceVersionDate "2018.02.23"]
[SourceQuality "1"]

1. Nf3 Nc6 2. d4 d5 3. Bf4 Bg4 4. e3 e6 5. Be2 Bd6 6. Bg3 Nf6 7. 0-0 0-0 8. c4 Re8 9. Nc3 Bxg3 10. hxg3 dxc4 11. Bxc4 e5 12. Qb3 Bh5 13. Nxe5 Nxe5 14. dxe5 Ng4 15. Be2 Rxe5 16. Bxg4 Bxg4 17. Qxb7 Rb8 18. Qxa7 Rb6 19. f3 Bc8 20. Rad1 Qe7 21. Qa3 c5 22. Nd5 1-0

[Event "RUS-chT Seniors"]
[Site "Sochi"]
[Date "2017.05.01"]
[Round "1.2"]
[White "Gubernatorov, Sergey"]
[Black "Akhmadeev, Valery Rimovich"]
[Result "1-0"]
[WhiteElo "2300"]
[BlackElo "2079"]
[PlyCount "139"]
[EventDate "2017.05.01"]
[EventType "team-tourn"]
[EventRounds "10"]
[EventCountry "RUS"]
[SourceTitle "CBM 178 Extra"]
[Source "ChessBase"]
[SourceDate "2017.06.22"]
[SourceVersion "1"]
[SourceVersionDate "2017.06.22"]
[SourceQuality "1"]

1. c4 e6 2. g3 d5 3. Bg2 Nf6 4. Nf3 Be7 5. d4 0-0 6. Qc2 b6 7. 0-0 Bb7 8. cxd5 Nxd5 9. a3 Nd7 10. e4 N5f6 11. Nc3 c5 12. Rd1 cxd4 13. Nxd4 Rc8 14. Qe2 Qe8 15. g4 Ne5 16. h3 Nc4 17. Bg5 Nd7 18. Bxe7 Qxe7 19. Rac1 a6 20. a4 g6 21. b3 Na5 22. Qb2 Nc6 23. Nde2 Rfd8 24. Ng3 Nc5 25. Bf1 Nb4 26. Qb1 Qf6 27. Be2 Qf4 28. Rxd8+ Rxd8 29. Rd1 Rxd1+ 30. Qxd1 Qc7 31. h4 Qd7 32. Qxd7 Nxd7 33. f3 Nc5 34. Bc4 Nc6 35. Nf1 Kf8 36. Nd2 Ke7 37. Kf2 Kd6 38. Ke3 Nd7 39. f4 Ke7 40. e5 Nc5 41. Nce4 Nxe4 42. Nxe4 Na5 43. Nd6 Bc6 44. Kd4 b5 45. axb5 axb5 46. Bxb5 Bxb5 47. b4 Nb3+ 48. Kc3 Ba4 49. Nc8+ Kd8 50. Nb6 Nc1 51. Nxa4 Ne2+ 52. Kd3 Nxf4+ 53. Ke4 Nd5 54. b5 Kc7 55. Kd4 h5 56. gxh5 gxh5 57. Kc5 Ne7 58. b6+ Kb7 59. Kb5 Ng6 60. Nc5+ Kb8 61. Nd7+ Kb7 62. Ka5 Ne7 63. Nc5+ Kc6 64. Na4 Nd5 65. Ka6 Nb4+ 66. Ka7 Kd5 67. b7 Nc6+ 68. Kb6 Nb8 69. Nc5 Kxe5 70. Kc7 1-0

[Event "RUS-ch blitz"]
[Site "Sochi"]
[Date "2016.10.04"]
[Round "1.5"]
[White "Ponkratov, Pavel"]
[Black "Gubernatorov, Sergey"]
[Result "1-0"]
[WhiteElo "2589"]
[BlackElo "2301"]
[PlyCount "53"]
[EventDate "2016.10.04"]
[EventType "swiss (blitz)"]
[EventRounds "22"]
[EventCountry "RUS"]
[SourceTitle "EXT 2017"]
[Source "ChessBase"]
[SourceDate "2016.10.25"]
[SourceVersion "1"]
[SourceVersionDate "2016.10.25"]
[SourceQuality "1"]

1. e4 c5 2. Nf3 g6 3. c3 Bg7 4. d4 cxd4 5. cxd4 d5 6. e5 Nh6 7. h3 0-0 8. Nc3 Nc6 9. Bb5 Bf5 10. 0-0 Be4 11. Bxc6 bxc6 12. Nd2 Nf5 13. Nb3 Nh4 14. Nxe4 dxe4 15. Qg4 Nf5 16. Qxe4 e6 17. Be3 Qd5 18. Qxd5 cxd5 19. Nc5 Rfc8 20. Rfc1 a5 21. b3 Bf8 22. Rc2 Rc6 23. Rac1 Rac8 24. g4 Nxe3 25. fxe3 Be7 26. Kf2 Kg7 27. Nxe6+ 1-0

[Event "RUS-chT Seniors final"]
[Site "Sochi"]
[Date "2016.05.10"]
[Round "9.2"]
[White "Sveshnikov, Evgeny"]
[Black "Gubernatorov, Sergey"]
[Result "1-0"]
[WhiteElo "2504"]
[BlackElo "2289"]
[PlyCount "95"]
[EventDate "2016.05.01"]
[EventType "team-tourn"]
[EventRounds "9"]
[EventCountry "RUS"]
[SourceTitle "EXT 2018"]
[Source "ChessBase"]
[SourceDate "2017.10.13"]
[SourceVersion "1"]
[SourceVersionDate "2017.10.13"]
[SourceQuality "1"]
[WhiteTeam "Belorechensk Univ"]
[BlackTeam "Sochi Kind Hearts"]
[WhiteTeamCountry "RUS"]
[BlackTeamCountry "RUS"]

1. e4 c5 2. Nf3 g6 3. c3 Bg7 4. d4 cxd4 5. cxd4 d5 6. e5 Nh6 7. h3 0-0 8. Nc3 Nc6 9. Bb5 Bf5 10. 0-0 Be4 11. Ng5 Qb6 12. Bxc6 bxc6 13. Na4 Qb5 14. Nc3 Qb6 15. Ngxe4 dxe4 16. Bxh6 Bxh6 17. Re1 Qxb2 18. Na4 Qa3 19. Qb3 Qxb3 20. axb3 f5 21. exf6 exf6 22. Rxe4 Rfe8 23. Rxe8+ Rxe8 24. Nc5 Rd8 25. Rxa7 Rxd4 26. g3 Rd5 27. Ne4 Bg7 28. Rc7 Re5 29. Rc8+ Kf7 30. Nd6+ Ke6 31. Nc4 Re1+ 32. Kg2 Kd7 33. Nb6+ Kd6 34. Rg8 Bh6 35. Rh8 Rb1 36. Rxh7 Bc1 37. Rb7 c5 38. Nc4+ Ke6 39. Rb6+ Ke7 40. Rb5 Ke6 41. h4 Bh6 42. Rb6+ Ke7 43. f4 Bf8 44. g4 Rc1 45. g5 Rc2+ 46. Kf3 Rc3+ 47. Ke2 Bg7 48. Ne3 1-0

[Event "Sochi Tseshkovsky Memorial op"]
[Site "Sochi"]
[Date "2014.09.23"]
[Round "7"]
[White "Lugovskoy, Maxim"]
[Black "Gubernatorov, Sergey"]
[Result "1-0"]
[WhiteElo "2390"]
[BlackElo "2283"]
[PlyCount "67"]
[EventDate "2014.09.17"]
[EventType "swiss"]
[EventRounds "9"]
[EventCountry "RUS"]
[SourceTitle "CBM 162 Extra"]
[Source "ChessBase"]
[SourceDate "2014.10.17"]
[SourceVersion "1"]
[SourceVersionDate "2014.10.17"]
[SourceQuality "1"]

1. e4 c5 2. Nf3 g6 3. d4 cxd4 4. Qxd4 Nf6 5. e5 Nc6 6. Qa4 Nd5 7. Qe4 Nb6 8. Nc3 Bg7 9. Bf4 d5 10. exd6 0-0 11. 0-0-0 Bxc3 12. bxc3 Bf5 13. dxe7 Qxd1+ 14. Kxd1 Bxe4 15. exf8R+ Rxf8 16. Bd3 Na4 17. Kd2 Rd8 18. Re1 f5 19. Re3 Nb2 20. Ke2 Bd5 21. Ne5 Nxe5 22. Rxe5 Nxd3 23. cxd3 Bxa2 24. Re7 Bd5 25. Be5 a5 26. c4 Kf8 27. Rc7 Re8 28. d4 Bxg2 29. Rxh7 g5 30. f3 g4 31. f4 a4 32. Kf2 Be4 33. d5 Bd3 34. d6 1-0

[Event "Doroshkevich Memorial op"]
[Site "Sochi"]
[Date "2012.11.26"]
[Round "1"]
[White "Vertegel, Evgeny"]
[Black "Gubernatorov, Sergey"]
[Result "0-1"]
[WhiteElo "1824"]
[BlackElo "2311"]
[PlyCount "50"]
[EventDate "2012.11.26"]
[EventType "swiss"]
[EventRounds "9"]
[EventCountry "RUS"]
[SourceTitle "EXT 2014"]
[Source "ChessBase"]
[SourceDate "2013.11.20"]
[SourceVersion "1"]
[SourceVersionDate "2013.11.20"]
[SourceQuality "1"]

1. d4 Nf6 2. c4 g6 3. Nc3 d5 4. Bg5 Ne4 5. Nxe4 dxe4 6. e3 Bg7 7. Qc2 c5 8. Ne2 cxd4 9. exd4 Nc6 10. Be3 0-0 11. Qc3 Bg4 12. Rd1 e5 13. d5 Nd4 14. Rd2 Bxe2 15. Bxe2 f5 16. g3 g5 17. h4 f4 18. gxf4 gxf4 19. Bxd4 exd4 20. Qh3 f3 21. Bd1 Qa5 22. Rg1 Rf7 23. Qe6 e3 24. Rxg7+ Kxg7 25. Qe5+ Kg8 0-1

[Event "Chigorin Memorial 20th"]
[Site "St Petersburg"]
[Date "2012.10.29"]
[Round "3"]
[White "Baryshpolets, Andrey"]
[Black "Gubernatorov, Sergey"]
[Result "1-0"]
[WhiteElo "2510"]
[BlackElo "2311"]
[PlyCount "71"]
[EventDate "2012.10.27"]
[EventType "swiss"]
[EventRounds "9"]
[EventCountry "RUS"]
[SourceTitle "EXT 2013"]
[Source "ChessBase"]
[SourceDate "2012.11.22"]
[SourceVersion "1"]
[SourceVersionDate "2012.11.22"]
[SourceQuality "1"]

1. e4 c5 2. Nf3 g6 3. c4 Bg7 4. d4 cxd4 5. Nxd4 Nc6 6. Be3 Nf6 7. Nc3 d6 8. Be2 0-0 9. 0-0 Bd7 10. Rc1 Nxd4 11. Bxd4 Bc6 12. f3 a5 13. b3 Nd7 14. Be3 Nc5 15. Qd2 Qb6 16. Rc2 Rfc8 17. Rb1 h5 18. Bf1 Kh7 19. Kh1 Qd8 20. Re1 Qf8 21. Qf2 Bh6 22. Bxh6 Qxh6 23. e5 Qf4 24. exd6 exd6 25. Ne2 Qf6 26. Qd4 Qe5 27. Rd1 Rd8 28. Rcd2 Rd7 29. Qh4 Rad8 30. Nd4 Ne6 31. Nxe6 Qxe6 32. Re1 Qf5 33. Bd3 Qc5 34. f4 Kh6 35. Qf6 d5 36. Re5 1-0

[Event "Chigorin Memorial 20th"]
[Site "St Petersburg"]
[Date "2012.10.28"]
[Round "2"]
[White "Gubernatorov, Sergey"]
[Black "Vocaturo, Daniele"]
[Result "1/2-1/2"]
[WhiteElo "2311"]
[BlackElo "2534"]
[PlyCount "80"]
[EventDate "2012.10.27"]
[EventType "swiss"]
[EventRounds "9"]
[EventCountry "RUS"]
[SourceTitle "EXT 2013"]
[Source "ChessBase"]
[SourceDate "2012.11.22"]
[SourceVersion "1"]
[SourceVersionDate "2012.11.22"]
[SourceQuality "1"]

1. c4 Nf6 2. Nc3 g6 3. e4 d6 4. d4 Bg7 5. Nf3 0-0 6. Be2 c5 7. 0-0 Nc6 8. d5 Na5 9. e5 dxe5 10. Nxe5 Nxd5 11. Qxd5 Qxd5 12. Nxd5 Bxe5 13. Nxe7+ Kg7 14. Bd2 Nc6 15. Nxc6 bxc6 16. Bf3 Be6 17. Bxc6 Rab8 18. Bb5 a6 19. Bxa6 Rxb2 20. Be3 Ra8 21. Bb5 Raxa2 22. Rxa2 Rxa2 23. Bxc5 Rc2 24. Be3 Bxc4 25. Bxc4 Rxc4 26. Rc1 Rxc1+ 27. Bxc1 h5 28. h3 Kf6 29. f3 Bg3 30. Kf1 Kf5 31. Ke2 g5 32. Bd2 g4 33. fxg4+ hxg4 34. hxg4+ Kxg4 35. Bc3 f5 36. Bd2 f4 37. Bc3 Bh4 38. Bd2 Kg3 39. Be1+ Kxg2 40. Bxh4 f3+ 1/2-1/2

[Event "Belorechensk Sarkisov Memorial op"]
[Site "Belorechensk"]
[Date "2012.05.31"]
[Round "9"]
[White "Gubernatorov, Sergey"]
[Black "Yakovich, Yuri"]
[Result "0-1"]
[WhiteElo "2305"]
[BlackElo "2523"]
[PlyCount "66"]
[EventDate "2012.05.23"]
[EventType "swiss"]
[EventRounds "9"]
[EventCountry "RUS"]
[SourceTitle "CBM 148 Extra"]
[Source "ChessBase"]
[SourceDate "2012.06.22"]
[SourceVersion "1"]
[SourceVersionDate "2012.06.22"]
[SourceQuality "1"]

1. c4 e5 2. g3 Nf6 3. Bg2 d5 4. cxd5 Nxd5 5. Nf3 Nc6 6. 0-0 Nb6 7. d3 Be7 8. a3 0-0 9. Nc3 Be6 10. b4 a5 11. b5 Nd4 12. Nd2 c6 13. bxc6 Nxc6 14. a4 Rc8 15. Bb2 Qd7 16. Nb5 Bb4 17. Ne4 h6 18. Ba3 Bxa3 19. Rxa3 Nb4 20. Rc3 Rxc3 21. Nexc3 Rc8 22. Qa1 Bb3 23. Rb1 Bc2 24. Rc1 Bxa4 25. Nxa4 Rxc1+ 26. Qxc1 Nxa4 27. Qc4 b6 28. f4 exf4 29. gxf4 Nb2 30. Qd4 Qxb5 31. Qxb2 Qc5+ 32. Kf1 Nc2 33. Be4 a4 0-1

[Event "Belorechensk Sarkisov Memorial op"]
[Site "Belorechensk"]
[Date "2012.05.23"]
[Round "1"]
[White "Gubernatorov, Sergey"]
[Black "Zalitko, Ivan"]
[Result "1-0"]
[WhiteElo "2305"]
[BlackElo "1798"]
[PlyCount "159"]
[EventDate "2012.05.23"]
[EventType "swiss"]
[EventRounds "9"]
[EventCountry "RUS"]
[SourceTitle "CBM 148 Extra"]
[Source "ChessBase"]
[SourceDate "2012.06.22"]
[SourceVersion "1"]
[SourceVersionDate "2012.06.22"]
[SourceQuality "1"]

1. c4 Nf6 2. Nc3 c5 3. g3 Nc6 4. Bg2 g6 5. e4 e5 6. Nge2 Bg7 7. 0-0 d6 8. d3 0-0 9. f4 Bg4 10. h3 Bxe2 11. Qxe2 Nh5 12. Kh2 Nd4 13. Qd1 exf4 14. gxf4 Rb8 15. a4 b6 16. Nd5 Nf6 17. Ne3 Qe7 18. Rb1 a5 19. Bd2 Nh5 20. Nd5 Qd7 21. b3 Nf6 22. Ne3 Nh5 23. Nd5 Nf6 24. Nc3 Rbe8 25. Be3 Nh5 26. Nd5 Qd8 27. Qd2 Nf6 28. Bxd4 cxd4 29. Nxf6+ Qxf6 30. b4 axb4 31. Qxb4 Rb8 32. Qb5 Bh6 33. f5 Qh4 34. Rf3 Bf4+ 35. Kh1 Be5 36. fxg6 hxg6 37. Qd7 Rbd8 38. Qc6 Rc8 39. Qd5 Rb8 40. Rbf1 Qe7 41. R1f2 Qe6 42. Qxe6 fxe6 43. Rb2 Rxf3 44. Bxf3 Ra8 45. Bd1 Ra6 46. Rf2 Kg7 47. Kg2 Bf6 48. Kf3 Ra8 49. Rb2 Bd8 50. Kg3 Ra5 51. h4 Rc5 52. Bg4 e5 53. Be6 Ra5 54. Bd7 Ra7 55. Bc6 Rf7 56. Rh2 Rf4 57. h5 gxh5 58. Rxh5 Rf6 59. Rh1 Rh6 60. Rd1 Rf6 61. Bd7 Bc7 62. Bf5 Bd8 63. Kf3 Rh6 64. Rg1+ Kf7 65. Bd7 Rf6+ 66. Ke2 Kf8 67. Bc6 Ke7 68. Bd5 Kd7 69. Rg7+ Be7 70. Rh7 Rf4 71. Bf7 Rf6 72. Bh5 Kd8 73. Bg4 Rf8 74. Bf5 Rf6 75. Kd1 Ke8 76. Kc2 Rf8 77. Kb3 Rg8 78. Kb4 Rg3 79. Kb5 Kf8 80. Kc6 1-0

[Event "Chigorin Memorial 19th"]
[Site "St Petersburg"]
[Date "2011.10.21"]
[Round "8"]
[White "Gubernatorov, Sergey"]
[Black "Predke, Alexandr"]
[Result "0-1"]
[WhiteElo "2311"]
[BlackElo "2461"]
[PlyCount "44"]
[EventDate "2011.10.14"]
[EventType "swiss"]
[EventRounds "9"]
[EventCountry "RUS"]
[SourceTitle "CBM 144 Extra"]
[Source "ChessBase"]
[SourceDate "2011.10.28"]
[SourceVersion "1"]
[SourceVersionDate "2011.10.28"]
[SourceQuality "1"]

1. c4 e5 2. g3 Nf6 3. Bg2 d5 4. cxd5 Nxd5 5. Nf3 Nc6 6. 0-0 Nb6 7. a3 Be7 8. d3 Be6 9. Nbd2 g5 10. b4 g4 11. Ne1 h5 12. Bb2 Bd5 13. e4 Be6 14. f4 f6 15. fxe5 fxe5 16. Rc1 h4 17. Rxc6 bxc6 18. Bxe5 Rh5 19. Rf5 Bxf5 20. exf5 Qd7 21. d4 Rxf5 22. Qxg4 Rf1+ 0-1

[Event "Yuzhny FO-ch op"]
[Site "Armavir"]
[Date "2011.03.20"]
[Round "9"]
[White "Gulinsky, Vladimir"]
[Black "Gubernatorov, Sergey"]
[Result "0-1"]
[WhiteElo "2030"]
[BlackElo "2287"]
[PlyCount "88"]
[EventDate "2011.03.12"]
[EventType "swiss"]
[EventRounds "9"]
[EventCountry "RUS"]
[SourceTitle "CBM 141 Extra"]
[Source "ChessBase"]
[SourceDate "2011.05.03"]
[SourceVersion "1"]
[SourceVersionDate "2011.05.03"]
[SourceQuality "1"]

1. e4 c5 2. Nf3 g6 3. d4 cxd4 4. Nxd4 Bg7 5. c4 Nc6 6. Nc2 d6 7. Be2 Nh6 8. 0-0 f5 9. Nc3 0-0 10. exf5 Nxf5 11. Ne3 Nfd4 12. Bd3 a6 13. a3 Rb8 14. Rb1 b5 15. cxb5 axb5 16. Be4 e6 17. Ne2 d5 18. Nxd4 Nxd4 19. Bd3 e5 20. Nc2 Ne6 21. Nb4 Rb6 22. Bd2 e4 23. Be2 d4 24. Bg4 h5 25. Bh3 Kh7 26. Qe2 Nf4 27. Bxf4 Bxh3 28. Bd2 Bg4 29. Qe1 Re6 30. h3 Bf5 31. Rc1 e3 32. fxe3 dxe3 33. Bc3 e2 34. Rf3 Bh6 35. Ra1 Bg5 36. Kh2 Qd6+ 37. Qg3 Qd8 38. Qf2 Rfe8 39. Rxf5 gxf5 40. Qxf5+ Kh6 41. Nc2 Qd6+ 42. g3 Rf8 43. Nd4 Ref6 44. Nxb5 Rxf5 0-1